The Power of Identity : Politics in a New Key /
Gorde:
| Egile nagusia: | |
|---|---|
| Beste egile batzuk: | , |
| Formatua: | Liburua |
| Hizkuntza: | ingelesa |
| Argitaratua: |
Chatham, EUA :
Chatham House,
1997, c1997
|
| Saila: | (Chatham House Studies in Political Thinking)
|
| Gaiak: | |
| Etiketak: |
Etiketarik gabe, Izan zaitez lehena erregistro honi etiketa jartzen!
|
MARC
| LEADER | 00000nam^a2200000^a^4500 | ||
|---|---|---|---|
| 001 | 000150230 | ||
| 005 | 20250521000000.0 | ||
| 009 | 20260310100129.173 | ||
| 020 | |a 1-56643-051-8 | ||
| 037 | |a Acervo ITESO - Biblioteca | ||
| 041 | |a ING | ||
| 082 | |a 303. 3 |b HOO | ||
| 100 | |a Hoover, Kenneth R. |e (autor) | ||
| 245 | 1 | 4 | |a The Power of Identity : |b Politics in a New Key / |c K.R. Hoover, J. Marcia, K. Parris. |
| 264 | 4 | |a Chatham, EUA : |b Chatham House, |c 1997, c1997 | |
| 300 | |a XV, 160 p. | ||
| 336 | |a texto |b txt |2 rdacontenido | ||
| 337 | |a sin mediación |b n |2 rdamedio | ||
| 338 | |a volumen |b nc |2 rdasoporte | ||
| 440 | 1 | |a (Chatham House Studies in Political Thinking) | |
| 649 | |a XX | ||
| 650 | |a Poder (Ciencias Sociales) | ||
| 650 | |a Autoritarismo | ||
| 650 | |a Autoridad | ||
| 650 | |a Democracia | ||
| 650 | |a Ideología | ||
| 650 | |a Tolerancia e Intolerancia | ||
| 650 | |a Conflicto Social | ||
| 650 | |a Desarrollo Humano | ||
| 650 | |a Identidad Personal | ||
| 650 | |a Identidad de Género | ||
| 650 | |a Identidad Cultural | ||
| 650 | |a Identidad Política | ||
| 650 | |a Psicología Social | ||
| 650 | |a Sociología Política - |z China | ||
| 650 | |a Sociología Política | ||
| 650 | |a Sociología | ||
| 650 | |a Política | ||
| 650 | |a Ciencias Sociales | ||
| 700 | |a Marcia, James |e (autor) | ||
| 700 | |a Parris, Kristen |e (autor) | ||
| 910 | |a Fondo General | ||
| 920 | |a Impresos - Libros | ||
| 930 | |a Colección General | ||
| 905 | |a 101 | ||
| 901 | |a 0500079860 |b IT1 |c ACC |u 20250521 | ||
| 902 | |a https://opac.biblio.iteso.mx/vufind/Record/000150230 | ||